My Singing Monsters Mech Islet - Statistics

General Stats
  • This quiz has been taken 8 times
  • The average score is 10 of 13
Answer Stats
Hint Answer % Correct
Mech Reebro
100%
Triple (Plasma, Mech, Poison) Auglur
88%
Triple (Shadow, Mech, Crystal) Nitebear
88%
Triple (Plasma, Shadow, Mech) Yooreek
88%
Double (Shadow, Mech) Arackulele
75%
Double (Mech, Crystal) Bellowfish
75%
Double (Plasma, Mech) Nebulob
75%
Triple (Shadow, Mech, Poison) Piplash
75%
Triple (Mech, Crystal, Poison) Teeter-Tauter
75%
Quad (Plasma, Shadow, Mech, Poison) Vhenshun
75%
Primordial (Primordial Air) Bogle
63%
Double (Mech, Poison) Dragong
63%
Triple (Plasma, Mech, Crystal) Gaddzooks
63%
No matching quizzes found
Score Distribution
Percent of People with Each Score
Percentile by Number Answered
Your Score History
You have not taken this quiz